000
00348nam a2200145Ia 4500
008
240624s9999 xx 000 0 und d
041
_a
eng
082
_a
150 CAS
100
_a
CASH ADAM
245
_a
PSYCHOLOGY FOR DUMMIES
250
_a
(2nd ed.)
260
_c
2013
_a
New Delhi
_b
Wiley
300
_a
xii, : 370 : p. : cm. ; 23
365
_c
RS
_b
31
999
_c
23057
_d
23057